[Event "Mitropa Online Cup Women 2021"]
[Site "Hybrid"]
[Date "2021.05.04"]
[Round "4.5"]
[White "Vujnovic, Patricija"]
[Black "Rozman, Monika"]
[Result "1/2-1/2"]
[WhiteElo "2129"]
[BlackElo "2175"]
[Annotator "NA"]
[PlyCount "86"]
[EventDate "2021.05.04"]
[EventType "team-tourn"]
[EventCountry "NET"]
[SourceTitle "playchess.com"]
[Source "ChessBase"]
[SourceQuality "1"]
[WhiteTeam "Croatia"]
[BlackTeam "Slovenia"]
[WhiteTeamCountry "CRO"]
[BlackTeamCountry "SLO"]
[TimeControl "40/5400+30:1800+30"]

1. d4 {[%emt 0:00:00]} Nf6 {[%emt 0:00:07]} 2. Nc3 {[%emt 0:00:11]} d5 {[%emt 0:00:15]} 3. Bf4 {[%emt 0:00:14]} Bf5 {[%emt 0:07:18]} 4. e3 {[%emt 0:00:46]} e6 {[%emt 0:01:07]} 5. Nb5 {[%emt 0:03:22]} Na6 {[%emt 0:01:52]} 6. f3 {[%emt 0:17:50]} c6 {[%emt 0:09:22]} 7. Nc3 {[%emt 0:00:40]} Qb6 {[%emt 0:04:06]} 8. Qd2 {[%emt 0:18:01]} Qxb2 {[%emt 0:09:04]} 9. Rb1 {[%emt 0:00:11]} Qa3 {[%emt 0:01:44]} 10. g4 {[%emt 0:02:33]} Bg6 {[%emt 0:01:43]} 11. h4 {[%emt 0:13:06]} Nb4 {[%emt 0:06:05]} 12. Bd3 {[%emt 0:02:10]} Nxa2 {[%emt 0:06:07]} 13. Nxa2 {[%emt 0:06:59]} Qxa2 {[%emt 0:00:17]} 14. Rxb7 {[%emt 0:00:10]} a5 {[%emt 0:02:51]} 15. Bxg6 {[%emt 0:03:24]} hxg6 {[%emt 0:01:42]} 16. Kf2 {[%emt 0:01:43]} Bb4 {[%emt 0:03:56]} 17. Qd3 {[%emt 0:00:21]} Qc4 {[%emt 0:16:14]} 18. Qxc4 {[%emt 0:05:36]} dxc4 {[%emt 0:00:04]} 19. Ne2 {[%emt 0:00:42]} Nd5 {[%emt 0:00:41]} 20. Bg3 {[%emt 0:05:20]} O-O {[%emt 0:01:27]} 21. c3 {[%emt 0:05:27]} Nxc3 {[%emt 0:01:43]} 22. Nxc3 {[%emt 0:00:23]} Bxc3 {[%emt 0:00:02]} 23. Rc1 {[%emt 0:00:14]} Bb4 {[%emt 0:00:15]} 24. Rxc4 {[%emt 0:00:23]} Rac8 {[%emt 0:01:20]} 25. Bc7 {[%emt 0:03:09]} Rfe8 {[%emt 0:02:37]} 26. Rxc6 {[%emt 0:00:19]} Be7 {[%emt 0:03:17]} 27. g5 {[%emt 0:04:18]} Bd8 {[%emt 0:00:48]} 28. Bxd8 {[%emt 0:01:44]} Rxc6 {[%emt 0:01:18]} 29. Bxa5 {[%emt 0:00:24]} Ra8 {[%emt 0:01:29]} 30. Bc7 {[%emt 0:00:23]} Rc2+ {[%emt 0:01:53]} 31. Kg3 {[%emt 0:00:05]} Ra3 {[%emt 0:00:28]} 32. Rb8+ {[%emt 0:01:19]} Kh7 {[%emt 0:00:04]} 33. Bf4 {[%emt 0:00:04]} Ra7 {[%emt 0:00:51]} 34. Rf8 {[%emt 0:01:20]} Re2 {[%emt 0:02:53]} 35. e4 {[%emt 0:02:48]} Rd7 {[%emt 0:01:14]} 36. Be5 {[%emt 0:00:06]} Re1 {[%emt 0:05:11]} 37. Kf2 {[%emt 0:01:39]} Rh1 {[%emt 0:00:05]} 38. Kg3 {[%emt 0:00:04]} Rd1 {[%emt 0:01:03]} 39. Kh3 {[%emt 0:00:37]} Rb7 {[%emt 0:00:41]} 40. Kg3 {[%emt 0:00:00]} Rd3 {[%emt 0:00:00]} 41. Kg4 {[%emt 0:01:23]} Re3 {[%emt 0:00:49]} 42. Kg3 {[%emt 0:00:44]} Rd3 {[%emt 0:06:30]} 43. Kg4 {[%emt 0:00:21]} Re3 {[%emt 0:00:28]} 1/2-1/2

[Event "Mitropa Online Cup Women 2021"]
[Site "Hybrid"]
[Date "2021.05.04"]
[Round "4.5"]
[White "Hercog, Nusa"]
[Black "Spiranec, Noemi"]
[Result "1-0"]
[WhiteElo "2088"]
[BlackElo "2098"]
[Annotator "NA"]
[PlyCount "73"]
[EventDate "2021.05.04"]
[EventType "team-tourn"]
[EventCountry "NET"]
[SourceTitle "playchess.com"]
[Source "ChessBase"]
[SourceQuality "1"]
[WhiteTeam "Slovenia"]
[BlackTeam "Croatia"]
[WhiteTeamCountry "SLO"]
[BlackTeamCountry "CRO"]
[TimeControl "40/5400+30:1800+30"]

1. d4 {[%emt 0:00:00]} Nf6 {[%emt 0:00:10]} 2. c4 {[%emt 0:00:10]} e6 {[%emt 0:00:06]} 3. Nc3 {[%emt 0:00:11]} Bb4 {[%emt 0:00:14]} 4. Nf3 {[%emt 0:00:20]} O-O {[%emt 0:00:20]} 5. Bg5 {[%emt 0:00:51]} c5 {[%emt 0:00:19]} 6. Rc1 {[%emt 0:02:50]} cxd4 {[%emt 0:16:40]} 7. Nxd4 {[%emt 0:01:20]} d5 {[%emt 0:01:06]} 8. cxd5 {[%emt 0:06:04]} Qxd5 {[%emt 0:04:12]} 9. Bxf6 {[%emt 0:08:41]} gxf6 {[%emt 0:00:04]} 10. a3 {[%emt 0:05:46]} Bxc3+ {[%emt 0:02:15]} 11. Rxc3 {[%emt 0:04:31]} e5 {[%emt 0:01:17]} 12. Qc1 {[%emt 0:04:16]} Qa5 {[%emt 0:13:52]} 13. Qh6 {[%emt 0:19:02]} exd4 {[%emt 0:06:08]} 14. b4 {[%emt 0:00:14]} dxc3 {[%emt 0:03:06]} 15. bxa5 {[%emt 0:00:12]} Bf5 {[%emt 0:01:43]} 16. g4 {[%emt 0:04:25]} Bg6 {[%emt 0:03:59]} 17. Bg2 {[%emt 0:01:36]} Na6 {[%emt 0:09:07]} 18. f4 {[%emt 0:03:02]} Rad8 {[%emt 0:07:05]} 19. Kf2 {[%emt 0:07:54]} f5 {[%emt 0:03:36]} 20. Rc1 {[%emt 0:03:39]} fxg4 {[%emt 0:01:13]} 21. Rxc3 {[%emt 0:01:27]} Rd7 {[%emt 0:01:23]} 22. f5 {[%emt 0:02:55]} Bxf5 {[%emt 0:00:35]} 23. Qg5+ {[%emt 0:03:38]} Bg6 {[%emt 0:00:32]} 24. Qxg4 {[%emt 0:00:11]} Re7 {[%emt 0:00:38]} 25. Rc8 {[%emt 0:01:36]} f5 {[%emt 0:00:28]} 26. Qc4+ {[%emt 0:00:44]} Bf7 {[%emt 0:00:59]} 27. Rxf8+ {[%emt 0:01:05]} Kxf8 {[%emt 0:00:04]} 28. Qc8+ {[%emt 0:00:22]} Kg7 {[%emt 0:00:04]} 29. Qxf5 {[%emt 0:00:53]} Bg6 {[%emt 0:00:52]} 30. Qb5 {[%emt 0:00:29]} Rf7+ {[%emt 0:00:20]} 31. Kg1 {[%emt 0:00:39]} Nc7 {[%emt 0:00:54]} 32. Qxb7 {[%emt 0:00:22]} Ne6 {[%emt 0:00:06]} 33. Qb2+ {[%emt 0:00:23]} Kf8 {[%emt 0:00:40]} 34. Bd5 {[%emt 0:00:49]} Re7 {[%emt 0:01:01]} 35. Qf6+ {[%emt 0:00:32]} Bf7 {[%emt 0:00:04]} 36. a6 {[%emt 0:03:05]} h5 {[%emt 0:03:10]} 37. Qh8+ {[%emt 0:01:11]} 1-0

[Event "Mitropa Online Cup Women 2021"]
[Site "Hybrid"]
[Date "2021.05.04"]
[Round "5.1"]
[White "Sieber, Fiona"]
[Black "Rozman, Monika"]
[Result "1-0"]
[WhiteElo "2275"]
[BlackElo "2175"]
[Annotator "NA"]
[PlyCount "57"]
[EventDate "2021.05.04"]
[EventType "team-tourn"]
[EventCountry "NET"]
[SourceTitle "playchess.com"]
[Source "ChessBase"]
[SourceQuality "1"]
[WhiteTeam "Germany"]
[BlackTeam "Slovenia"]
[WhiteTeamCountry "GER"]
[BlackTeamCountry "SLO"]
[TimeControl "40/5400+30:1800+30"]

1. e4 {[%emt 0:00:00]} e5 {[%emt 0:00:06]} 2. Nf3 {[%emt 0:00:07]} Nc6 {[%emt 0:00:05]} 3. Bb5 {[%emt 0:00:08]} a6 {[%emt 0:00:04]} 4. Ba4 {[%emt 0:00:07]} Nf6 {[%emt 0:00:05]} 5. O-O {[%emt 0:00:08]} Be7 {[%emt 0:00:14]} 6. Re1 {[%emt 0:00:10]} b5 {[%emt 0:00:06]} 7. Bb3 {[%emt 0:00:05]} d6 {[%emt 0:00:09]} 8. c3 {[%emt 0:00:04]} O-O {[%emt 0:00:09]} 9. h3 {[%emt 0:00:08]} Nb8 {[%emt 0:00:08]} 10. d4 {[%emt 0:00:14]} Nbd7 {[%emt 0:00:07]} 11. c4 {[%emt 0:00:15]} Bb7 {[%emt 0:05:09]} 12. Nc3 {[%emt 0:01:05]} c6 {[%emt 0:07:33]} 13. c5 {[%emt 0:05:54]} Qc7 {[%emt 0:12:11]} 14. cxd6 {[%emt 0:06:31]} Bxd6 {[%emt 0:00:27]} 15. Bg5 {[%emt 0:03:05]} Be7 {[%emt 0:16:46]} 16. Rc1 {[%emt 0:10:07]} Rad8 {[%emt 0:07:09]} 17. Nd5 {[%emt 0:03:58]} Nxd5 {[%emt 0:08:33]} 18. exd5 {[%emt 0:00:44]} Bxg5 {[%emt 0:00:08]} 19. Nxg5 {[%emt 0:00:08]} h6 {[%emt 0:10:19]} 20. Nxf7 {[%emt 0:06:38]} Rxf7 {[%emt 0:00:52]} 21. d6 {[%emt 0:04:35]} Qb6 {[%emt 0:04:22]} 22. Bxf7+ {[%emt 0:05:46]} Kxf7 {[%emt 0:00:12]} 23. dxe5 {[%emt 0:00:35]} Kg8 {[%emt 0:01:09]} 24. e6 {[%emt 0:04:41]} Rf8 {[%emt 0:01:42]} 25. Rc2 {[%emt 0:02:44]} c5 {[%emt 0:01:22]} 26. exd7 {[%emt 0:01:16]} Qc6 {[%emt 0:00:28]} 27. Qg4 {[%emt 0:00:54]} h5 {[%emt 0:04:27]} 28. Qg6 {[%emt 0:01:20]} Qxd7 {[%emt 0:00:48]} 29. Re7 {[%emt 0:00:31]} 1-0

[Event "Mitropa Online Cup Women 2021"]
[Site "Hybrid"]
[Date "2021.05.04"]
[Round "5.1"]
[White "Muetsch, Annmarie"]
[Black "Urh, Zala"]
[Result "1-0"]
[WhiteElo "2266"]
[BlackElo "2173"]
[Annotator "NA"]
[PlyCount "73"]
[EventDate "2021.05.04"]
[EventType "team-tourn"]
[EventCountry "NET"]
[SourceTitle "playchess.com"]
[Source "ChessBase"]
[SourceQuality "1"]
[WhiteTeam "Germany"]
[BlackTeam "Slovenia"]
[WhiteTeamCountry "GER"]
[BlackTeamCountry "SLO"]
[TimeControl "40/5400+30:1800+30"]

1. e4 {[%emt 0:00:00]} c5 {[%emt 0:00:09]} 2. Nc3 {[%emt 0:00:17]} Nc6 {[%emt 0:00:42]} 3. Bb5 {[%emt 0:00:11]} Nd4 {[%emt 0:00:29]} 4. Nf3 {[%emt 0:00:10]} a6 {[%emt 0:01:08]} 5. Bd3 {[%emt 0:00:10]} g6 {[%emt 0:01:18]} 6. O-O {[%emt 0:04:57]} Bg7 {[%emt 0:01:34]} 7. a3 {[%emt 0:09:20]} Nc6 {[%emt 0:03:54]} 8. Rb1 {[%emt 0:03:30]} d6 {[%emt 0:03:19]} 9. h3 {[%emt 0:06:19]} Nf6 {[%emt 0:01:43]} 10. b4 {[%emt 0:03:15]} O-O {[%emt 0:01:32]} 11. Re1 {[%emt 0:04:20]} Rb8 {[%emt 0:09:40]} 12. Nd5 {[%emt 0:17:09]} b5 {[%emt 0:05:58]} 13. Bb2 {[%emt 0:07:10]} Nh5 {[%emt 0:19:29]} 14. Bxg7 {[%emt 0:03:36]} Kxg7 {[%emt 0:00:32]} 15. Bf1 {[%emt 0:01:51]} e6 {[%emt 0:03:12]} 16. Ne3 {[%emt 0:01:13]} e5 {[%emt 0:03:09]} 17. c3 {[%emt 0:03:24]} c4 {[%emt 0:05:19]} 18. d3 {[%emt 0:00:06]} cxd3 {[%emt 0:00:31]} 19. Qxd3 {[%emt 0:02:21]} Nf4 {[%emt 0:00:30]} 20. Qd2 {[%emt 0:00:18]} f5 {[%emt 0:10:33]} 21. exf5 {[%emt 0:00:53]} gxf5 {[%emt 0:01:00]} 22. Rbd1 {[%emt 0:11:17]} Rf6 {[%emt 0:02:26]} 23. g3 {[%emt 0:00:54]} Qe8 {[%emt 0:10:01]} 24. gxf4 {[%emt 0:04:06]} Qh5 {[%emt 0:00:15]} 25. Bg2 {[%emt 0:01:44]} Rg6 {[%emt 0:02:17]} 26. Kh2 {[%emt 0:01:42]} Bb7 {[%emt 0:02:37]} 27. Rg1 {[%emt 0:05:03]} Ne7 {[%emt 0:04:12]} 28. Qe2 {[%emt 0:02:35]} Qh6 {[%emt 0:04:18]} 29. Ng5 {[%emt 0:04:03]} exf4 {[%emt 0:01:11]} 30. Nd5 {[%emt 0:00:10]} Nc6 {[%emt 0:01:20]} 31. Nxf4 {[%emt 0:01:08]} Rxg5 {[%emt 0:00:24]} 32. Bxc6 {[%emt 0:01:26]} Kh8 {[%emt 0:00:27]} 33. Rxg5 {[%emt 0:01:06]} Qxg5 {[%emt 0:00:06]} 34. Ne6 {[%emt 0:00:11]} Qf6 {[%emt 0:00:58]} 35. Bxb7 {[%emt 0:00:04]} Rxb7 {[%emt 0:00:03]} 36. Rxd6 {[%emt 0:00:20]} h6 {[%emt 0:00:28]} 37. f4 {[%emt 0:00:32]} 1-0

[Event "Mitropa Online Cup Women 2021"]
[Site "Hybrid"]
[Date "2021.05.04"]
[Round "5.1"]
[White "Janzelj, Lara"]
[Black "Klek, Hanna Marie"]
[Result "1-0"]
[WhiteElo "2212"]
[BlackElo "2302"]
[Annotator "NA"]
[PlyCount "73"]
[EventDate "2021.05.04"]
[EventType "team-tourn"]
[EventCountry "NET"]
[SourceTitle "playchess.com"]
[Source "ChessBase"]
[SourceQuality "1"]
[WhiteTeam "Slovenia"]
[BlackTeam "Germany"]
[WhiteTeamCountry "SLO"]
[BlackTeamCountry "GER"]
[TimeControl "40/5400+30:1800+30"]

1. d4 {[%emt 0:00:00]} d5 {[%emt 0:00:12]} 2. c4 {[%emt 0:00:21]} e6 {[%emt 0:00:06]} 3. g3 {[%emt 0:00:21]} Nf6 {[%emt 0:00:21]} 4. Bg2 {[%emt 0:00:16]} Be7 {[%emt 0:00:09]} 5. Nf3 {[%emt 0:00:19]} O-O {[%emt 0:00:05]} 6. O-O {[%emt 0:00:21]} dxc4 {[%emt 0:00:08]} 7. Qc2 {[%emt 0:01:08]} b5 {[%emt 0:00:11]} 8. a4 {[%emt 0:03:59]} Bb7 {[%emt 0:00:14]} 9. axb5 {[%emt 0:01:02]} a6 {[%emt 0:00:06]} 10. Nc3 {[%emt 0:09:31]} axb5 {[%emt 0:00:09]} 11. Rxa8 {[%emt 0:00:10]} Bxa8 {[%emt 0:00:07]} 12. Nxb5 {[%emt 0:00:36]} Bd5 {[%emt 0:00:25]} 13. Bg5 {[%emt 0:05:46]} c5 {[%emt 0:13:57]} 14. dxc5 {[%emt 0:07:39]} Qa5 {[%emt 0:02:58]} 15. Nc3 {[%emt 0:02:25]} Bc6 {[%emt 0:10:45]} 16. e4 {[%emt 0:06:37]} h6 {[%emt 0:17:46]} 17. Bf4 {[%emt 0:18:28]} Bxc5 {[%emt 0:05:29]} 18. Ne5 {[%emt 0:01:33]} Bd4 {[%emt 0:05:41]} 19. Nxc4 {[%emt 0:05:28]} Qc5 {[%emt 0:04:14]} 20. Qb3 {[%emt 0:15:14]} e5 {[%emt 0:02:25]} 21. Be3 {[%emt 0:00:44]} Ng4 {[%emt 0:04:47]} 22. Nd5 {[%emt 0:03:42]} Nd7 {[%emt 0:05:31]} 23. Bxd4 {[%emt 0:02:30]} exd4 {[%emt 0:00:26]} 24. h3 {[%emt 0:04:52]} Rb8 {[%emt 0:04:36]} 25. Qf3 {[%emt 0:02:02]} Qxc4 {[%emt 0:05:26]} 26. Ne7+ {[%emt 0:01:47]} Kh8 {[%emt 0:04:25]} 27. hxg4 {[%emt 0:00:52]} Ne5 {[%emt 0:04:23]} 28. Qf4 {[%emt 0:01:15]} Rb5 {[%emt 0:00:33]} 29. Nd5 {[%emt 0:02:08]} Bxd5 {[%emt 0:05:54]} 30. exd5 {[%emt 0:00:05]} Qe2 {[%emt 0:00:37]} 31. Rc1 {[%emt 0:01:26]} Rb8 {[%emt 0:00:43]} 32. Bf1 {[%emt 0:00:22]} Nf3+ {[%emt 0:00:57]} 33. Kg2 {[%emt 0:00:33]} Qxb2 {[%emt 0:01:36]} 34. Kxf3 {[%emt 0:00:36]} Rd8 {[%emt 0:00:26]} 35. Kg2 {[%emt 0:00:42]} Qb7 {[%emt 0:00:19]} 36. Bc4 {[%emt 0:00:33]} Qb2 {[%emt 0:00:53]} 37. Rd1 {[%emt 0:00:21]} 1-0

[Event "Mitropa Online Cup Women 2021"]
[Site "Hybrid"]
[Date "2021.05.04"]
[Round "5.1"]
[White "Hrescak, Ivana"]
[Black "Lubbe, Melanie"]
[Result "0-1"]
[WhiteElo "2201"]
[BlackElo "2274"]
[Annotator "NA"]
[PlyCount "140"]
[EventDate "2021.05.04"]
[EventType "team-tourn"]
[EventCountry "NET"]
[SourceTitle "playchess.com"]
[Source "ChessBase"]
[SourceQuality "1"]
[WhiteTeam "Slovenia"]
[BlackTeam "Germany"]
[WhiteTeamCountry "SLO"]
[BlackTeamCountry "GER"]
[TimeControl "40/5400+30:1800+30"]

1. d4 {[%emt 0:00:00]} d6 {[%emt 0:00:08]} 2. c4 {[%emt 0:02:59]} e5 {[%emt 0:00:20]} 3. e4 {[%emt 0:05:12]} exd4 {[%emt 0:03:34]} 4. Qxd4 {[%emt 0:02:53]} Nc6 {[%emt 0:00:29]} 5. Qe3 {[%emt 0:04:13]} g6 {[%emt 0:04:44]} 6. h3 {[%emt 0:04:02]} Bg7 {[%emt 0:03:43]} 7. Nf3 {[%emt 0:01:21]} Nf6 {[%emt 0:03:11]} 8. Bd3 {[%emt 0:09:48]} O-O {[%emt 0:02:49]} 9. O-O {[%emt 0:01:56]} Nd7 {[%emt 0:06:07]} 10. Nc3 {[%emt 0:03:07]} a5 {[%emt 0:08:36]} 11. Re1 {[%emt 0:06:28]} a4 {[%emt 0:02:41]} 12. Bd2 {[%emt 0:04:09]} Nc5 {[%emt 0:04:30]} 13. Rad1 {[%emt 0:03:37]} Be6 {[%emt 0:09:00]} 14. Qe2 {[%emt 0:24:17]} Na5 {[%emt 0:16:37]} 15. Nd5 {[%emt 0:03:16]} Nxd3 {[%emt 0:05:44]} 16. Qxd3 {[%emt 0:00:12]} c6 {[%emt 0:00:49]} 17. Bxa5 {[%emt 0:02:32]} Qxa5 {[%emt 0:00:33]} 18. Nf4 {[%emt 0:00:32]} Rad8 {[%emt 0:03:16]} 19. b3 {[%emt 0:04:36]} Bc8 {[%emt 0:00:59]} 20. Nd4 {[%emt 0:04:08]} Rfe8 {[%emt 0:02:45]} 21. Nc2 {[%emt 0:08:45]} Bh6 {[%emt 0:02:52]} 22. Ne2 {[%emt 0:00:52]} d5 {[%emt 0:03:40]} 23. cxd5 {[%emt 0:00:57]} cxd5 {[%emt 0:00:13]} 24. Qc3 {[%emt 0:00:29]} Qxc3 {[%emt 0:06:26]} 25. Nxc3 {[%emt 0:00:03]} axb3 {[%emt 0:00:30]} 26. axb3 {[%emt 0:00:06]} dxe4 {[%emt 0:00:35]} 27. Rxd8 {[%emt 0:00:50]} Rxd8 {[%emt 0:00:06]} 28. Nxe4 {[%emt 0:00:24]} Bg7 {[%emt 0:04:28]} 29. Ne3 {[%emt 0:01:01]} f5 {[%emt 0:00:50]} 30. Ng5 {[%emt 0:00:15]} Bf6 {[%emt 0:00:30]} 31. Nf3 {[%emt 0:00:13]} Rd3 {[%emt 0:00:56]} 32. Nc4 {[%emt 0:00:48]} Kg7 {[%emt 0:00:51]} 33. Nb6 {[%emt 0:00:36]} Bd7 {[%emt 0:00:52]} 34. Nxd7 {[%emt 0:00:36]} Rxd7 {[%emt 0:00:05]} 35. Rc1 {[%emt 0:00:55]} Bd8 {[%emt 0:01:24]} 36. Kf1 {[%emt 0:01:01]} Bb6 {[%emt 0:01:06]} 37. Ke2 {[%emt 0:00:38]} Kf6 {[%emt 0:00:06]} 38. h4 {[%emt 0:00:18]} Re7+ {[%emt 0:00:36]} 39. Kf1 {[%emt 0:00:06]} h6 {[%emt 0:00:53]} 40. g3 {[%emt 0:00:00]} Rd7 {[%emt 0:00:00]} 41. Ke2 {[%emt 0:04:23]} Rd5 {[%emt 0:04:10]} 42. Rc4 {[%emt 0:06:19]} Rb5 {[%emt 0:02:09]} 43. Rc3 {[%emt 0:02:16]} Ra5 {[%emt 0:00:57]} 44. Rd3 {[%emt 0:02:21]} Ke6 {[%emt 0:08:13]} 45. Nd4+ {[%emt 0:04:37]} Ke7 {[%emt 0:00:09]} 46. Nf3 {[%emt 0:00:39]} Ra1 {[%emt 0:03:13]} 47. Rd5 {[%emt 0:05:41]} Ra2+ {[%emt 0:02:41]} 48. Rd2 {[%emt 0:00:44]} Ra3 {[%emt 0:02:53]} 49. Rd3 {[%emt 0:04:23]} Ke6 {[%emt 0:00:46]} 50. Nd2 {[%emt 0:01:09]} Ra2 {[%emt 0:00:51]} 51. f4 {[%emt 0:03:58]} Ba5 {[%emt 0:04:22]} 52. Kd1 {[%emt 0:00:14]} Rxd2+ {[%emt 0:05:17]} 53. Rxd2 {[%emt 0:00:04]} Bxd2 {[%emt 0:00:04]} 54. Kxd2 {[%emt 0:00:03]} Kd5 {[%emt 0:00:26]} 55. Kd3 {[%emt 0:00:20]} h5 {[%emt 0:00:29]} 56. Ke3 {[%emt 0:02:00]} Kc5 {[%emt 0:00:14]} 57. Kd3 {[%emt 0:00:16]} Kb4 {[%emt 0:01:43]} 58. Kd4 {[%emt 0:00:38]} b5 {[%emt 0:00:53]} 59. Ke5 {[%emt 0:00:10]} Kxb3 {[%emt 0:00:04]} 60. Kf6 {[%emt 0:00:06]} b4 {[%emt 0:00:07]} 61. Kxg6 {[%emt 0:00:02]} Kc4 {[%emt 0:00:56]} 62. Kxf5 {[%emt 0:01:30]} b3 {[%emt 0:00:12]} 63. Kg5 {[%emt 0:00:02]} b2 {[%emt 0:00:06]} 64. Kxh5 {[%emt 0:00:10]} b1=Q {[%emt 0:00:08]} 65. g4 {[%emt 0:01:12]} Qh7+ {[%emt 0:01:57]} 66. Kg5 {[%emt 0:00:03]} Kd5 {[%emt 0:00:08]} 67. f5 {[%emt 0:01:00]} Ke5 {[%emt 0:00:23]} 68. f6 {[%emt 0:00:25]} Qg8+ {[%emt 0:00:39]} 69. Kh5 {[%emt 0:00:14]} Kxf6 {[%emt 0:00:28]} 70. g5+ {[%emt 0:00:08]} Kf5 {[%emt 0:00:13]} 0-1

[Event "Mitropa Online Cup Women 2021"]
[Site "Hybrid"]
[Date "2021.05.04"]
[Round "5.2"]
[White "Brunello, Marina"]
[Black "Cvitan, Ena"]
[Result "1-0"]
[WhiteElo "2367"]
[BlackElo "2263"]
[Annotator "NA"]
[PlyCount "91"]
[EventDate "2021.05.04"]
[EventType "team-tourn"]
[EventCountry "NET"]
[SourceTitle "playchess.com"]
[Source "ChessBase"]
[SourceQuality "1"]
[WhiteTeam "Italy"]
[BlackTeam "Croatia"]
[WhiteTeamCountry "ITA"]
[BlackTeamCountry "CRO"]
[TimeControl "40/5400+30:1800+30"]

1. e4 {[%emt 0:00:32]} c6 {[%emt 0:00:08]} 2. d4 {[%emt 0:00:31]} d5 {[%emt 0:00:08]} 3. exd5 {[%emt 0:00:24]} cxd5 {[%emt 0:00:17]} 4. Bf4 {[%emt 0:00:19]} Nc6 {[%emt 0:00:57]} 5. c3 {[%emt 0:00:02]} Bf5 {[%emt 0:03:17]} 6. Nd2 {[%emt 0:00:11]} e6 {[%emt 0:01:11]} 7. Ngf3 {[%emt 0:00:06]} Bd6 {[%emt 0:00:38]} 8. Bxd6 {[%emt 0:00:09]} Qxd6 {[%emt 0:00:14]} 9. Nh4 {[%emt 0:00:02]} Nf6 {[%emt 0:00:57]} 10. Nxf5 {[%emt 0:01:13]} exf5 {[%emt 0:00:26]} 11. Bd3 {[%emt 0:00:35]} g6 {[%emt 0:01:25]} 12. Qe2+ {[%emt 0:04:35]} Kf8 {[%emt 0:01:40]} 13. O-O {[%emt 0:01:03]} Re8 {[%emt 0:06:16]} 14. Qf3 {[%emt 0:03:59]} Ne4 {[%emt 0:10:09]} 15. Rad1 {[%emt 0:07:46]} Kg7 {[%emt 0:04:04]} 16. h4 {[%emt 0:01:06]} Re7 {[%emt 0:06:49]} 17. g3 {[%emt 0:00:16]} Rhe8 {[%emt 0:01:20]} 18. Kg2 {[%emt 0:00:28]} h5 {[%emt 0:01:06]} 19. Nb3 {[%emt 0:00:55]} Qf6 {[%emt 0:11:52]} 20. Nc1 {[%emt 0:04:08]} a6 {[%emt 0:08:08]} 21. Ne2 {[%emt 0:02:34]} b5 {[%emt 0:00:40]} 22. Nf4 {[%emt 0:00:22]} Qd6 {[%emt 0:00:20]} 23. a4 {[%emt 0:02:32]} bxa4 {[%emt 0:03:00]} 24. Ra1 {[%emt 0:06:26]} Rb8 {[%emt 0:03:34]} 25. Rxa4 {[%emt 0:01:29]} a5 {[%emt 0:01:03]} 26. Ra2 {[%emt 0:05:08]} Nd2 {[%emt 0:10:00]} 27. Qxd5 {[%emt 0:02:22]} Qc7 {[%emt 0:01:13]} 28. Rd1 {[%emt 0:03:32]} Rd7 {[%emt 0:01:33]} 29. Qc5 {[%emt 0:00:57]} Nb3 {[%emt 0:01:15]} 30. Qc4 {[%emt 0:01:22]} Qb7 {[%emt 0:02:37]} 31. Qa6 {[%emt 0:01:30]} Qc7 {[%emt 0:01:13]} 32. Be2 {[%emt 0:05:52]} Nbxd4 {[%emt 0:02:22]} 33. cxd4 {[%emt 0:00:07]} Nb4 {[%emt 0:00:17]} 34. Qxa5 {[%emt 0:00:55]} Nxa2 {[%emt 0:00:09]} 35. Qxa2 {[%emt 0:00:08]} Qc2 {[%emt 0:01:49]} 36. Qc4 {[%emt 0:04:53]} Qxb2 {[%emt 0:01:20]} 37. d5 {[%emt 0:08:03]} Rb4 {[%emt 0:00:22]} 38. Qd3 {[%emt 0:00:10]} Rd6 {[%emt 0:01:13]} 39. Bf3 {[%emt 0:00:56]} Rb3 {[%emt 0:03:50]} 40. Qd4+ {[%emt 0:00:00]} Qxd4 {[%emt 0:00:00]} 41. Rxd4 {[%emt 0:00:36]} f6 {[%emt 0:00:23]} 42. Rc4 {[%emt 0:02:12]} g5 {[%emt 0:01:39]} 43. Rc7+ {[%emt 0:01:04]} Kh6 {[%emt 0:01:52]} 44. Ne6 {[%emt 0:01:18]} Rb8 {[%emt 0:00:50]} 45. Rf7 {[%emt 0:10:09]} g4 {[%emt 0:01:06]} 46. Rxf6+ {[%emt 0:00:08]} 1-0